000
00331nam a2200145Ia 4500
008
230718s9999 xx 000 0 und d
041
_a
Eng.
082
_a
346.42
_b
RAZ-I
100
_a
Raza,Ahsan
245
0
_a
international laws
260
_a
Pakistan
_b
Cuul law publisher
_c
2014
300
_a
190
650
_a
Law
999
_c
30262
_d
30262